00261nam a22000977a 4500008004100000082001300041100002200054245005000076260002800126300000900154230626b xxu||||| |||| 00| 0 eng d a331bROK cRepublic of Kenya aReport of the Salaries Review Commission 1967 bRepublic of Kenyac1967 a138p